000 00404nam a2200133Ia 4500
008 201002s9999 xx 000 0 und d
020 _a978-981-484-675-2
100 _aFroeb, Luke M.
245 _cLuke M. Froeb, Brian T. McCann, Michael R. Ward
_aManagerial economics/
250 _a5th ed.
260 _aSingapore:
_bCENGAGE
_c2019
300 _axvi, 332 pages
_c22 cm.
650 _aManagerial economics
999 _c364563
_d364563